000 01088nam a2200301 a 4500
001 000110975
003 CHAP
005 20220329144152.0
008 141103s2014 mx a |sm |||||||spa d
010 _a107437
011 _a108409
040 _cCHAP
090 _aTesis
100 1 _aIslas Olguin, Tomás Emmanuel
_9128729
245 1 0 _aRediseño, construcción y prueba de una unidad móvil de monitoreo
_h[En línea]
_cpor Tomás Emmanuel Islas Olguín.
260 _aChapingo, Méx. :
_bEl autor,
_c2014.
500 _aPara ver el contenido del material haga clic en la liga
502 _aTesis (Ing. Mecanico Agrícola) -- UACH. Departamento de Ingeniería Mecánica Agrícola
590 _aE11695DGD
_b10
_c20141108
_lUCH01
_h1012
590 _aE5652GLJ
_b05
_c20141103
_lUCH01
_h1356
590 _aE5652GLJ
_b05
_c20141103
_lUCH01
_h1357
650 1 4 _aInnovaciones tecnológicas.
_958829
650 1 4 _aRobots
_xSistemas de infomación.
_9128756
856 _aFinding aid
_uhttp://10.13.5.2/tesis/sist110975.pdf
_zTeclea aquí
901 _aBK
942 _cTESIS
942 _n0
999 _c107437
_d107437